[Event "ESP-ch States U14"]
[Site "Isla"]
[Date "2022.06.23"]
[Round "1"]
[White "Antuna Pavon, Lucas"]
[Black "Regadera Mateos, Nicolas"]
[Result "1-0"]
[WhiteElo "1872"]
[BlackElo "1544"]
[PlyCount "99"]
[EventDate "2022.06.23"]
[EventType "swiss"]
[EventRounds "6"]
[EventCountry "ESP"]
[SourceTitle "EXT 2023"]
[Source "ChessBase"]
[SourceDate "2022.10.05"]
[SourceVersion "1"]
[SourceVersionDate "2022.10.05"]
[SourceQuality "1"]

1. e4 e6 2. d4 d5 3. Nd2 c5 4. c3 cxd4 5. cxd4 dxe4 6. Nxe4 Nc6 7. Nf3 Nge7 8. Nc3 g6 9. Bg5 Bg7 10. Bb5 Bd7 11. 0-0 a6 12. Ba4 b5 13. Bb3 h6 14. Bxe7 Nxe7 15. Ne5 0-0 16. Re1 Qc7 17. Rc1 Rac8 18. Qd2 Qb7 19. Bc2 Rfd8 20. Qf4 Be8 21. Bb3 g5 22. Qg4 Nc6 23. Rcd1 Na5 24. d5 Nxb3 25. axb3 b4 26. Na2 Rxd5 27. Rxd5 Qxd5 28. Nc4 Qc5 29. h3 f5 30. Qe2 Bf7 31. Qd2 Bd4 32. Nc1 Rd8 33. Nd3 Qa7 34. Qxb4 Rb8 35. Qa3 g4 36. hxg4 fxg4 37. Re4 h5 38. Qd6 Bg7 39. g3 Bf8 40. Qf4 Rxb3 41. Nce5 Qe7 42. Nc6 Qd7 43. Nde5 Qc7 44. Qg5+ Bg7 45. Rf4 Rb5 46. Ne7+ Kh7 47. Rxf7 Qxe5 48. Qg6+ Kh8 49. Rf8+ Bxf8 50. Qg8# 1-0

[Event "Trevis San Miguel op 26th"]
[Site "Trevis"]
[Date "2020.09.20"]
[Round "3"]
[White "Antuna Pavon, Lucas"]
[Black "Delgado Lagares, Francisco Javier"]
[Result "1-0"]
[WhiteElo "1689"]
[BlackElo "1716"]
[PlyCount "83"]
[EventDate "2020.09.19"]
[EventType "swiss"]
[EventRounds "3"]
[EventCountry "ESP"]
[SourceTitle "EXT 2024"]
[Source "ChessBase"]
[SourceDate "2023.10.10"]
[SourceVersion "1"]
[SourceVersionDate "2023.10.10"]
[SourceQuality "1"]

1. e4 c5 2. Nf3 Nc6 3. d4 cxd4 4. Nxd4 e6 5. c4 a6 6. Nc3 g6 7. Be3 Bg7 8. Qd2 Nf6 9. Be2 d6 10. Rd1 Bd7 11. Nxc6 Bxc6 12. f3 0-0 13. 0-0 Qa5 14. Qxd6 Rfd8 15. Qc5 Qc7 16. Qb6 Qe7 17. Bg5 h6 18. Bh4 g5 19. Bg3 Nh5 20. Bc7 Rd7 21. Rxd7 Qxd7 22. Rd1 Qe7 23. Bd6 Qf6 24. g3 Qg6 25. e5 f5 26. Qf2 Bf8 27. c5 Kf7 28. b4 Ng7 29. a4 f4 30. Bd3 Qh5 31. g4 Qh3 32. Be4 Bxe4 33. Nxe4 Kg6 34. Qg2 Qh4 35. h3 h5 36. Kf1 hxg4 37. hxg4 Qh6 38. Ke2 Ne8 39. Rh1 Qg7 40. Qh3 Kf7 41. Qh5+ Qg6 42. Nxg5+ 1-0

[Event "ESP-chT CECLUB Div2"]
[Site "Linares"]
[Date "2020.08.27"]
[Round "5.3"]
[White "Antuna Pavon, Lucas"]
[Black "Ferro Martinez, Damian"]
[Result "0-1"]
[WhiteElo "1689"]
[BlackElo "1891"]
[PlyCount "62"]
[EventDate "2020.08.24"]
[EventType "team-tourn"]
[EventRounds "6"]
[EventCountry "ESP"]
[SourceTitle "CBM 198 Extra"]
[Source "ChessBase"]
[SourceDate "2020.11.30"]
[SourceVersion "1"]
[SourceVersionDate "2020.11.30"]
[SourceQuality "1"]
[WhiteTeam "Antonio Rico"]
[BlackTeam "Reverte Minerals"]
[WhiteTeamCountry "ESP"]
[BlackTeamCountry "ESP"]

1. e4 c5 2. Nf3 Nc6 3. Bb5 g6 4. 0-0 Bg7 5. c3 e5 6. Na3 Nge7 7. Nc2 0-0 8. d4 cxd4 9. Bxc6 Nxc6 10. cxd4 d5 11. exd5 Qxd5 12. Ne3 Qe4 13. d5 Nd4 14. Nd2 Qd3 15. Ndc4 Qxd1 16. Rxd1 Rd8 17. g3 f5 18. Bd2 f4 19. Ng2 Bg4 20. Rf1 Be2 21. Rfc1 Bxc4 22. Rxc4 Nf3+ 23. Kh1 Nxd2 24. Rc5 Ne4 25. Rb5 Nxf2+ 26. Kg1 fxg3 27. hxg3 Ng4 28. Rd1 Rd7 29. Rb4 h5 30. Nh4 Bf8 31. d6 Bxd6 0-1

[Event "Wch U10"]
[Site "Santiago de Compostela"]
[Date "2018.11.04"]
[Round "1"]
[White "Antuna Pavon, Lucas"]
[Black "Atanasov, Anthony"]
[Result "0-1"]
[WhiteElo "1449"]
[BlackElo "1916"]
[PlyCount "72"]
[EventDate "2018.11.04"]
[EventType "swiss"]
[EventRounds "11"]
[EventCountry "ESP"]
[SourceTitle "EXT 2022"]
[Source "ChessBase"]
[SourceDate "2021.10.06"]
[SourceVersion "1"]
[SourceVersionDate "2021.10.06"]
[SourceQuality "1"]

1. e4 c5 2. Nf3 d6 3. d4 cxd4 4. Nxd4 Nf6 5. Nc3 a6 6. Be3 e6 7. f4 b5 8. Qf3 Bb7 9. Bd3 Nbd7 10. a3 Be7 11. g4 Nb6 12. g5 Nfd7 13. a4 b4 14. Nce2 Rc8 15. Ng3 Nc5 16. a5 Nbd7 17. Bd2 d5 18. e5 Qc7 19. 0-0 Nxd3 20. cxd3 g6 21. Rfc1 Bc5 22. Nge2 Qd8 23. Kf1 h6 24. Qh3 Qe7 25. gxh6 Qf8 26. Nb3 Rxh6 27. Qg3 Qh8 28. Nxc5 Nxc5 29. Bxb4 Rh3 30. Bxc5 Rxg3 31. hxg3 Qh3+ 32. Ke1 Rxc5 33. Rxc5 Qh1+ 34. Kd2 Qxa1 35. b4 Qb2+ 36. Rc2 Qxb4+ 0-1

[Event "ESP-ch U10"]
[Site "Salobrena Granada"]
[Date "2017.07.03"]
[Round "1"]
[White "Antuna Pavon, Lucas"]
[Black "Ermachenko, Manuel"]
[Result "0-1"]
[WhiteElo "1175"]
[BlackElo "1678"]
[PlyCount "64"]
[EventDate "2017.07.03"]
[EventType "swiss"]
[EventRounds "9"]
[EventCountry "ESP"]
[SourceTitle "EXT 2024"]
[Source "ChessBase"]
[SourceDate "2023.10.10"]
[SourceVersion "1"]
[SourceVersionDate "2023.10.10"]
[SourceQuality "1"]

1. e4 c5 2. Nf3 e6 3. d4 cxd4 4. Nxd4 a6 5. Nc3 Qc7 6. Be3 Nf6 7. Bd3 b5 8. f4 Bb7 9. Qe2 b4 10. Nd1 Nxe4 11. Qg4 Nf6 12. Qh3 Bd6 13. Rf1 Nc6 14. Ne2 Nd5 15. Qg3 0-0 16. Qh4 g6 17. Rf3 Nxe3 18. Nxe3 f5 19. Rh3 Rf7 20. Rg3 Re8 21. Nxf5 exf5 22. Bc4 Rxe2+ 23. Kxe2 Nd4+ 24. Kf2 Qxc4 25. Qd8+ Bf8 26. Re1 Qxc2+ 27. Kf1 Ne6 28. Qb6 Qc4+ 29. Re2 Nxf4 30. Qf2 Nxe2 31. Qxe2 Qc1+ 32. Kf2 Bc5+ 0-1